Software for frequency Management of PAF (military UHF band Air to Ground Communication) (Record no. 326697)

000 -LEADER
fixed length control field 00430 a2200133 4500
001 - CONTROL NUMBER
control field 91624
082 ## - DEWEY DECIMAL CLASSIFICATION NUMBER
Classification number PR 1589
090 ## - LOCALLY ASSIGNED LC-TYPE CALL NUMBER (OCLC); LOCAL CALL NUMBER (RLIN)
-- 43779
-- 43778
100 ## - MAIN ENTRY--PERSONAL NAME
Personal name Abdul Waheed Abid; Prof Syed Naveed Abbas and Muhammad Ramzan, Advisors
245 ## - TITLE STATEMENT
Title Software for frequency Management of PAF (military UHF band Air to Ground Communication)
Number of part/section of a work 53 "B" EC
260 ## - PUBLICATION, DISTRIBUTION, ETC.
Place of publication, distribution, etc. Rawalpindi
Name of publisher, distributor, etc. NUST
Date of publication, distribution, etc. 2001
300 ## - PHYSICAL DESCRIPTION
Extent 146p
500 ## - GENERAL NOTE
General note BE Project Reports
942 ## - ADDED ENTRY ELEMENTS (KOHA)
Institution code [OBSOLETE] CAE NUST
Call number prefix PR 1589
Holdings
Withdrawn status Lost status Damaged status Not for loan Collection code Permanent Location Current Location Date acquired Total Checkouts Full call number Barcode Date last seen Price effective from Koha item type
          College of Aeronautical Engineering (CAE) College of Aeronautical Engineering (CAE) 04/03/2017   PR 1589 CAEPR-1589 04/05/2017 04/05/2017 Book
© 2023 Central Library, National University of Sciences and Technology. All Rights Reserved.